[Event "Silla Christmas op"]
[Site "Silla"]
[Date "2001.12.26"]
[Round "3.1"]
[White "Beso Portales, Cesar"]
[Black "Benedito Salavert, Jaime"]
[Result "1/2-1/2"]
[WhiteElo "2265"]
[BlackElo "1952"]
[PlyCount "45"]
[EventDate "2001.12.23"]
[EventType "swiss"]
[EventRounds "8"]
[EventCountry "ESP"]
[SourceTitle "EXT 2003"]
[Source "ChessBase"]
[SourceDate "2002.11.25"]
[SourceVersion "1"]
[SourceVersionDate "2002.11.25"]
[SourceQuality "1"]

1. d4 Nf6 2. Nf3 e6 3. c4 c5 4. d5 exd5 5. cxd5 d6 6. Nc3 g6 7. e4 Bg7 8. Bd3 0-0 9. 0-0 Re8 10. h3 c4 11. Bc2 b5 12. Re1 a6 13. Bf4 Qb6 14. Qd2 Nbd7 15. Rad1 Nh5 16. Be3 Qd8 17. Nd4 Nc5 18. Nc6 Qc7 19. b4 cxb3 20. axb3 a5 21. Ne2 Nf6 22. Ng3 Nfd7 23. f4 1/2-1/2